000 01044nam0a22002411 4500
001 rc\73288
005 20250620171305.0
035 _a(NLR Aleph) 005345197
090 _a6736619
_c6736619
100 _a20021216d1991 |||y0rusy50 ca
101 0 _arus
102 _aRU
105 _ay |||||||||
200 1 _aСвариваемость сталей
_eБиблиогр. указ. отеч. и зарубеж. лит. (1980-1990 гг.)
_fАН УССР. Ин-т электросварки им. Е.О. Патона
_g[Составители Д.С. Пшеничникова и др.
_gНауч. ред.: д. т. н. В.Н. Липодаев, к. т. н. В.В. Снисарь]
210 _aКиев
_cИЭС
_d1991
215 _a46, [2] с.
_d20
702 1 _aПшеничникова
_bД.С.
_gДиамара Степановна
_4220
712 0 2 _aИнститут электросварки им. Е.О. Патона
_cКиев
801 0 _aRU
_bNLR
_gpsbo
801 1 _aRU
_bELAR
_2rusmarc
852 _aNLR
_bС
_jК-1/5430
942 _cBOOK
980 _aNB